Spišský historik a archivár Fridrich Šváby (1834-1904)

Bibliographic Details
Main Author: Žifčák, František, 1951- (Author)
Format: Article
Language:Slovak
ISSN:1335-8723
Subjects:

MARC

LEADER 00000nab a2200000 a 4500
001 vtls008843662
003 SK-MaSNL
005 20260304134745.0
008 250505c2005 xo |||| |h| 000 b|slo
015 |a SNBRB2006/08  |2 snkbucl 
035 |a (uuid)64fcaff3-c0b1-4cdd-a10b-847785e03f82 
035 |a urn:nbn:sk:snk-ab9uvi 
035 |a (urnnbn)urn:nbn:sk:snk:ar-a08xdy 
038 |a SNKBUCL 
040 |a SNKBUCL  |b slo  |c SNKBUCL  |e AACR2 
041 0 |a slo 
044 |a xo  |c SK 
080 |a 930.25-051  |2 1997 
080 |a 930.1-051  |2 1997 
080 |a 929 Šváby, František  |2 1997 
100 1 |a Žifčák, František,  |d 1951-  |4 aut  |9 235507 
245 1 0 |a Spišský historik a archivár Fridrich Šváby (1834-1904)  |c František Žifčák 
600 1 7 |a Šváby, František  |d 1834-1904  |2 snkbucl  |9 1453091 
651 7 |a Slovenská Ves (Slovensko)  |2 snkbucl  |9 54527 
655 7 |a profily  |2 snkbucl  |9 341977 
773 0 |t Historický zborník 14  |g Č. 2 (2004), s. 222-224  |x 1335-8723 
850 |a Slovenská národná knižnica 
852 |a Slovenská národná knižnica 
954 |a odborná, vedecká literatúra pôvodná (slovenská)  |2 lita 
958 |a article13 
958 |a OND 
958 |a BX 
958 |a SK 
958 |a EUIPO 
999 |c 2908024  |d 2909954